000 00386nam a2200145Ia 4500
008 230711s9999||||xx |||||||||||||| ||und||
041 _aENG
082 _a624
_bHU-W
100 _aHusain S.K
245 0 _aText book of water supply and sanitary engineering
250 _a1st
260 _c1990
_aNew Delhi
_bOxford & IBH Publishing Co.Pvt.Ltd.
650 _aCivil Engineering
942 _cBK
999 _c832
_d832